| 000 | 00469cam a22001694a 4500 | ||
|---|---|---|---|
| 020 | _a1890132381 | ||
| 040 | _cDLC | ||
| 082 | 0 | 0 | _a643 CHE 1999 C143 Or. |
| 100 | 1 | _aHarland, Edward, | |
| 245 | 1 | 0 |
_aEco-renovation : _bthe ecological home improvement guide / |
| 250 | _aRev. ed. | ||
| 260 |
_aWhite River Junction, Vt. : _bChelsea Green Pub., _c1999. |
||
| 300 |
_axi, 242 p. : _bill. ; _c24 cm. |
||
| 650 | 0 | _aDwellings | |
| 650 | 0 | _aGreen products. | |
| 942 | _cAEDBB | ||
| 999 |
_c18397 _d18397 |
||